000 00533cam a22001815a 4500
001 L155867
008 120418s1843 xxk f 000 0 eng d
035 _a(Sirsi) u155867
041 0 _aeng
100 1 _aQuested, John
245 0 4 _aThe art of land surveying
_bexplained by short and easy rules
260 _aLondon
_bRelfe and Fletcher
_c1843
300 _aviii, 96 p.
_bill.
_c19 cm.
583 _aCondition reviewed
_c20120620
_lcondition level 2
651 4 _aGreat Britain
_y1707-
690 _aMeasurement
_96256
942 _n0
999 _c113884
_d113884